00705nam a2200217 a 4500008004100000020002200041100002500063245010300088250001300191260004000204300003700244440004600281504004100327500002000368650002700388700002000415700002500435003000100460005001700461040000900478  a0132136384 (hbk.)1 aHorngren, Charles T.10aIntroduction to management accounting /cCharles T. Horngren, Gary L. Sundem, William O. Stratton. a10th ed. aNew Delhi :bPrentice Hall,cc1996. axxii, 837, p. :bill. ;c28 cm. 0aCharles T. Horngren series in accounting. aIncludes bibliographical references. aIncludes index. 0aManagerial accounting.1 aSundem, Gary L.1 aStratton, William O.20230123134149.0 cNUST